000 00294nam a2200145Ia 4500
100 _aJones/ Gregory W
942 _cBK
654 _aSE
245 _aSoftware Enginering
260 _bJohn Wiley
_aNew York
_c1990
082 _a5.1
_bPAN
300 _a793
546 _aENGLISH
999 _c24971
_d24971